banner-ar

التصوير الضوئى فى التعليم والتدريب / (Record no. 65353)

MARC details
000 -الفاتح
حقل البيانات ثابتة الطول 00784nam a22002177a 4500
005 - وقت وتاريخ اخر تعامل مع التسجيلة
رقم الضبط 20240530110820.0
008 - عناصر البيانات ثابتة الطول - معلومات عامة
حقل البيانات ثابتة الطول 190115s1993 ua a f 000 0 ara d
017 ## - رقم الايداع القانونى
رقم الايداع القانونى 14/0145
المصدر ( الهيئة المختصة) السعودية . مكتبة الملك فهد الوطنية
040 ## - مصدر الفهرسة
وكالة الفهرسة الأصلية EG-CaGPL
وكالة النسخ EG-CaGPL
082 04 - رقم تصنيف ديوى العشرى
رقم الطبعة 21
رقم التصنيف 770 /
رقم المادة م ت
100 0# - المدخل الرئيسى - إسم شخصى
الإسم الشخصى مصطفى بن محمد عيسى فلاته
245 12 - بيان العنوان
العنوان التصوير الضوئى فى التعليم والتدريب /
بيان المسئوليه,etc تأليف مصطفى بن محمد عيسى فلاته
250 ## - بيان الطبعة
بيان الطبعة ط.1
260 ## - PUBLICATION, DISTRIBUTION, ETC. (IMPRINT)
تاريخ النشر أو التوزيع 1993.
300 ## - الوصف المادى
التعداد 287 ص. :
تفاصيل ماديه اخرى للوعاء ايض ؛
أبعاد الوعاء 24 سم.
650 07 - المدخل الاضافى بالموضوع-مصطلح موضوعى
مصدر الرأس أو المصطلح qrmak
مصطلح موضوعي التصوير الضوئى
650 07 - المدخل الاضافى بالموضوع-مصطلح موضوعى
مصطلح موضوعي التعليم
مصدر الرأس أو المصطلح qrmak
651 ## - المدخل الاضافى بالموضوع - اسم جغرافى
مصدر الرأس أو المصطلح qrmak
942 ## - عناصر المدخل الإضافي( كوها)
مصدر التصنيف او مخطط الترفيف Dewey Decimal Classification
Koha [default] item type كتاب
260 ## - PUBLICATION, DISTRIBUTION, ETC. (IMPRINT)
-- الرياض :
Holdings
حالة التراجع حالة الفقد حالة تلف ليس للاعارة المكان المؤقت الموقع الحالى موقع الترفيف تاريخ الاكتساب اجمالي اﻻعارات رقم الطلب الباركود تاريخ اخر مشاهدة تاريخ تفعيل السعر نوع وعاء كوها
        مكتبة القاهرة الكبرى مكتبة القاهرة الكبرى   07/13/2019   770 / م ت 166090 07/13/2019 07/13/2019 كتاب
        مكتبة القاهرة الكبرى مكتبة القاهرة الكبرى   07/13/2019   770 / م ت 166096 07/13/2019 07/13/2019 كتاب
        مكتبة القاهرة الكبرى مكتبة القاهرة الكبرى   07/13/2019   770 / م ت 166097 07/13/2019 07/13/2019 كتاب

Powered By

EGPV